Statistics for The Y Quiz

Click here to take the quiz!

General Stats

  • This quiz has been taken 467 times
  • The average score is 31 of 50

Answer Stats

HintAnswer% Correct
To shout or screamYell
99%
The river known as the cradle of Chinese civilization, and its curseYellow
98%
One of the three primary colorsYellow
98%
The counterpart of yinYang
97%
The currency of JapanYen
96%
To erratically change from a set courseYaw
94%
The 365 1/4 day cycle of the Earth rotating the sunYear
94%
A large luxury boat used for passengers of private partiesYacht
93%
The Arabian neighbor of OmanYemen
93%
The yellow, middle of part of an eggYolk
92%
To open the mouth widely when tiredYawn
91%
The day before today, or two days before tomorrowYesterday
91%
A body exercise involving meditation and stretchingYoga
91%
Another name for a sweet potatoYam
90%
A popular search engineYahoo
87%
To long or wish earnestly for somethingYearn
83%
A young person, an adolescentYouth
80%
A certain dairy product, thicker than milk and in many flavorsYogurt
79%
An Ivy League university located in ConnecticutYale
77%
Cats play with this, preferably in front of a crackling fire on a cold nightYarn
77%
To submit or surrender to, to give way toYield
74%
A fungus that produces fermentationYeast
73%
A collection of pictures and words that catalogue a school yearYearbook
70%
Extremely popular video sharing websiteYoutube
69%
A peninsula jutting out from southern MexicoYucatan
69%
Old European country that split into seven pieces c. 1991/2Yugoslavia
67%
A grassy area in front of, behind, or on the side of a structureYard
66%
Famous walled English city that later had a newer American sisterYork
65%
Large, long-haired wild ox of TibetYak
63%
Third-longest river in the world, Shanghai sits near its deltaYangtze
63%
A wooden object connecting two oxenYoke
63%
An onamotopeia indicating digustYuck
59%
To snatch or grasp somethingYank
51%
Northwest Canadian province, there was a gold strike here, late 1800sYukon
48%
Japanese company known for sports equipment, instruments, and moreYamaha
47%
Popular book, where you can find almost any business, has a white twinYellow Pages
43%
The time period extending from Christmas Eve to the EpiphanyYuletide
43%
A domed dwelling that can be packed up, originally used by Mongols/TurksYurt
41%
A high German language of Ashkenazi Jews, written with Hebrew alphabetYiddish
38%
A bumpkin, peasant, or hillbillyYokel
37%
The basic unit of money in ChinaYuan
36%
To squeal or shriekYelp
31%
A petty officer in a navy, or British term for a self-cultivating farmerYeoman
25%
A cap worn by Jews, especially during prayerYarmulke
20%
Japanese port city near Tokyo, was firebombed heavily in 1945Yokohama
19%
The 39th element, with a symbol of "Y", a silver transition metalYttrium
19%
The capital of NauruYaren
17%
Popular manga series and trading card gameYu-Gi-Oh!
16%
Israeli politician who was assassinated in 1995 by a radical JewYitzhak Rabin
6%
Southeastern Chinese province, jungle-filled, Kunming is its capitalYunnan
2%

Score Distribution

Percentile by Number Answered

Percent of People with Each Score

Your Score History

You have not taken this quiz